| 000 | 02741nam2a2200361 4500 | ||
|---|---|---|---|
| 001 | RU\NLR\BIBL_A\012649666 | ||
| 005 | 20240710151211.0 | ||
| 010 | _a978-5-00165-118-5 | ||
| 035 | _a(NLR Aleph) 012649666 | ||
| 090 |
_a12722423 _c12722423 |
||
| 100 | _a20211124d2020 y0rusy50 ca | ||
| 101 | 0 | _arus | |
| 102 | _aRU | ||
| 105 | _aa z 000yy | ||
| 200 | 1 |
_aКонфессиональное образование в Дагестане в общероссийском образовательном контексте _eистория и современность _fС.И. Муртузалиев, П.Ф. Рагимова |
|
| 210 | _d2020 | ||
| 215 |
_a298 с. _cил. _d21 |
||
| 225 | 2 |
_aТруды исторического факультета МГУ _v166 _hСерия 2 _iИсторические исследования _v105 |
|
| 320 | _aБиблиогр. в конце ст. | ||
| 461 | 0 |
_1001RU\NLR\INFOCOMM55\1000049150 _12001#$aТруды Исторического факультета МГУ$eИнформ.-аналит. бюл. Центра теорет. пробл. ист. науки$fМГУ им. М.В. Ломоносова. Ист. фак.$v166 _93059963 _aМГУ им. М. В. Ломоносова. Исторический факультет _cМ. _d1998 - _fМГУ им. М.В. Ломоносова. Ист. фак. _nМГУ _oИнформ.-аналит. бюл. Центра теорет. пробл. ист. науки _tТруды Исторического факультета МГУ _v166 |
|
| 462 | 0 |
_1001RU\NLR\INFOCOMM16\1000047289 _12001#$aТруды Исторического факультета МГУ$hСерия 2$iИсторические исследования$v105 _93041271 _aМГУ им. М. В. Ломоносова. Исторический факультет _cМ. _d1999 - _hСерия 2 _iИсторические исследования _nИзд-во Моск. ун-та _tТруды Исторического факультета МГУ. - Труды Исторического факультета МГУ _v105 |
|
| 606 | 1 |
_aОбразование _xИстория _yДагестан _92605428 _3RU\NLR\AUTH\661541986 |
|
| 606 | 1 |
_aИсламское образование _yДагестан, Республика _92419837 _3RU\NLR\AUTH\6601659845 |
|
| 686 | 1 | _aЧ34(2Р37-6Д) | |
| 686 | 1 | _aЧ33(2Р37-6Д) | |
| 686 | 1 | _aЭ38-39(2Р37-6Д)-67 | |
| 700 | 1 |
_7ca _8rus _aМуртузалиев _bС. И. _f1947- _gСергей Ибрагимович _9107490 _3RU\NLR\AUTH\77124565 |
|
| 701 | 1 |
_aРагимова _bП. Ф. _gПериханум Ферезуллаевна |
|
| 852 |
_aNLR _jП22/7167 |
||
| 942 | _cISSUE | ||
| 980 | _aNB | ||
| 980 | _aRUSPER | ||